The classical era : From the 1740s to the end of the 18th century

Αποθηκεύτηκε σε:
Λεπτομέρειες βιβλιογραφικής εγγραφής
Άλλοι συγγραφείς: Zaslaw, Neal 1939-
Μορφή: Βιβλίο
Γλώσσα:English
Δημοσίευση: London : Macmillan, 1989
Σειρά:Man & music
Θέματα:
Ετικέτες: Προσθήκη ετικέτας
Δεν υπάρχουν, Καταχωρήστε ετικέτα πρώτοι!

MARC

LEADER 00000nam a2200000 i 4500
001 1/59821
008 960209s1989 eng d
020 |a 0-333-52646-5 
035 |a 1995  |c ΚΟΝΙΟΡΔΟΣ  |l 10046145 
040 |a GR-MY-UA  |b gre  |e aacr 
041 0 |a eng 
082 0 |a 780.3033 
245 1 4 |a The classical era :  |b From the 1740s to the end of the 18th century /  |c Edited by Neal Zaslaw 
260 |a London :   |b Macmillan,   |c 1989 
300 |a 395 p.;  |c 23 cm. 
490 1 |a Man & music 
504 |a Includes index 
650 0 0 |a Music  |x History. 
650 0 0 |a Music. 
650 0 0 |a Music  |y 18th century. 
700 1 |a Zaslaw, Neal  |d 1939- 
830 0 |a Man & music 
852 |a INST  |b SAMOS  |e 19960209  |h 780.3033 CLA  |p 005300004651  |q 005300004651  |t BK  |y 0 
909 |a Σ  |b 041442